|
|
|
|
| LEADER |
00000nam a22000007a 4500 |
| 005 |
2021091002032.0 |
| 007 |
cr|||| |||| |
| 008 |
210910s2014 br |||||s|||| 00||0apor d |
| 020 |
|
|
|a 9000000053182
|
| 035 |
|
|
|a 35155
|
| 040 |
|
|
|a vLex
|
| 090 |
|
|
|c 12396
|d 12396
|
| 100 |
1 |
|
|a Cassia De Santana, Renata
|
| 245 |
1 |
0 |
|a Inidoneidade fiscal no ḿbito do ICMS
|h [Recurso electrn̤ico] /
|c Renata Cassia De Santana
|
| 256 |
|
|
|a Servicio en ln̕ea
|
| 260 |
|
|
|a San Pablo:
|b Editora Noeses,
|c 2014
|
| 300 |
|
|
|a 1 recurso electrn̤ico
|
| 500 |
|
|
|a Cuida da inidoneidade da nota fiscal, que ̌o instrumento que documenta a incidn̊cia do ICMS e ao mesmo tempo legitima o exercc̕io da nô-cumulatividade. Faz uma proposta de aplicaȯ̂ da norma jurd̕ica que prev ̊a glosa de crďitos de ICMS em caso de inidoneidade fiscal. Ao final, arrola decise̳s do Superior Tribunal de Justiȧ e dos tribunais administrativos, demonstrando a atual orientaȯ̂ jurisprudencial sobre o tema.
|
| 506 |
1 |
|
|a Disponible solo en los productos indicados
|d vLex Global
|d vLex Global (Academic Edition, excluding Law Schools)
|d vLex Global (U.S. Academic Edition, Law Schools)
|d vLex Global (U.S. Academic Edition, excluding Law Schools)
|d vLex Global (Academic Edition, Law Schools)
|
| 650 |
0 |
4 |
|a Derecho Tributario
|z Brasil
|
| 740 |
0 |
|
|a vLex Libros (Servicio en ln̕ea)
|
| 856 |
4 |
0 |
|u https://app.vlex.com/#/sources/35155
|z Acceso restringido
|
| 942 |
|
|
|c BOOK
|
| 999 |
0 |
|
|a Tax Law
|